000 00658nam a22002173a 4500
005 20220901092323.0
008 011029s1988 ag r 000 0 spa d
020 _a9505184948
035 _aUPN01000113583
049 _aCG
050 4 _aRC512
_bS3.88
100 1 _aSami Ali
245 1 0 _aLo visual y lo táctil :
_bensayo sobre la psicosis y la alergia /
_cSami-Ali ; tr. Víctor Goldstein.
260 _aBuenos Aires :
_bAmorrortu,
_c1988.
300 _a153 p.
440 0 _aBiblioteca de psicología y psicoanálisis
534 _pTraducción de:
_tLe visuel et le tactile
650 2 _aPsicosis
_914792
650 4 _aALERGIA
_91822
905 _aLibro
999 _c87491
_d87491